[Event "25th Bosnjaci Open 2020"]
[Site "Bosnjaci"]
[Date "2020.01.03"]
[Round "1.11"]
[White "Mutapcic, Ilija"]
[Black "Runic, Zoran"]
[Result "0-1"]
[WhiteElo "1838"]
[BlackElo "2326"]
[Annotator "TA"]
[PlyCount "104"]
[EventDate "2020.01.03"]
[EventType "swiss"]
[EventCountry "CRO"]
[SourceTitle "playchess.com"]
[Source "ChessBase"]
[SourceQuality "1"]

{[%evp 12,104,7,-29,-7,-33,0,0,0,-4,0,-24,-42,-31,-28,-46,-23,-69,-59,-55,-51,-90,-83,-101,-102,-102,-102,-102,-102,-102,-102,-116,-110,-173,-174,-207,-188,-191,-174,-203,-198,-200,-177,-189,-117,-118,-92,-130,-83,-130,-130,-130,-130,-136,-130,-197,-191,-179,-169,-234,-245,-258,-153,-190,-145,-165,-179,-404,-381,-564,-560,-689,-677,-599,-619,-780,-748,-700,-678,-1111,-1114,-1214,-962,-1767,-1760,-1531,-1295,-4766,-3468,-29983,-29983,-29984,-29985,-29986,-29987]} 1. d4 Nf6 2. c4 c5 3. e3 e6 4. Nf3 d5 5. Nc3 Nc6 6. Be2 a6 7. a4 cxd4 {D40: Queen's Gambit Declined: Semi-Tarrasch with 5 e3} 8. Nxd4 (8. exd4 Be7 9. O-O dxc4 10. Bxc4 O-O 11. Bg5 b6 12. Qd2 Bb7 13. Rad1 Na5 14. Ba2 Ne4 15. Nxe4 Bxe4 16. Bxe7 Qxe7 17. Ne5 Qb7 18. d5 Bxd5 19. Bxd5 exd5 20. Qxd5 {1-0 (68) Andersson,T (2408)-Ahlander,B (2425) Fredericia 2017}) 8... e5 9. Nxc6 bxc6 {The position is equal.} 10. O-O $146 ({Predecessor:} 10. cxd5 cxd5 11. Bd3 Bd6 12. O-O O-O 13. Bc2 Bb7 14. b3 Rc8 15. Bb2 d4 16. exd4 exd4 17. Ne2 Ng4 18. g3 Nxh2 19. Nxd4 Nxf1 20. Kxf1 Qf6 21. Qd3 Qh6 {0-1 (21) Cotuna,S-Efler,L (2290) Stockerau 1992}) 10... Be7 11. Qc2 O-O 12. b3 Qc7 13. Rd1 Be6 14. Ba3 Bxa3 15. Rxa3 Rfd8 16. h3 Rab8 17. Ra2 d4 18. exd4 exd4 19. Ne4 Nxe4 20. Qxe4 c5 21. Rb2 g6 22. g4 (22. Qc2 $17) 22... Bd7 $19 23. Rdd2 Bc6 24. Qd3 Re8 {aiming for ...Re3!} 25. Qg3 Qxg3+ 26. fxg3 Re3 27. Rd3 Rxd3 (27... Rbe8 $19 28. Kf2 Rxd3 29. Bxd3 Re3) 28. Bxd3 $17 {[#]} Bxa4 $1 $19 {[%mdl 4608] Endgame KRB-KRB} 29. Bc2 (29. bxa4 Rxb2) 29... Bc6 30. Kf2 a5 31. Ra2 {[#]} Ra8 $1 32. h4 Kf8 33. h5 (33. Bd1 $17) 33... Ke7 34. Ra1 Kd6 35. h6 (35. Ke2 $142) 35... f6 36. Bd1 Bd7 (36... Be4 $19 37. Bf3 Ke5 38. Bxe4 Kxe4) 37. Kf3 Be6 38. Ra2 {[#]} a4 $1 {[%cal Ba5a4,Ba4a3][%mdl 544]} 39. Kf4 $2 (39. Ra3) (39. Rxa4 Rxa4) 39... g5+ 40. Ke4 (40. Kf3 {only move.} a3 41. Bc2) 40... a3 41. Bf3 Bf7 {[%cal Rf7g6]} 42. Kd3 Bg6+ 43. Be4 Bxe4+ 44. Kxe4 {KR-KR} Ke6 45. Kd3 f5 46. Re2+ Kf6 {Hoping for ...a2.} 47. Ra2 f4 48. gxf4 gxf4 49. Ke4 Kg5 50. Kd5 d3 {Black mates.} 51. Kxc5 d2 {[%mdl 64] Promotion} 52. Rxd2 a2 {Accuracy: White = 28%, Black = 74%.} 0-1

[Event "25th Bosnjaci Open 2020"]
[Site "Bosnjaci"]
[Date "2020.01.03"]
[Round "1.12"]
[White "Rosic, Slavko S"]
[Black "Mikic, Ivana"]
[Result "1-0"]
[WhiteElo "2295"]
[BlackElo "1838"]
[Annotator "NA"]
[PlyCount "101"]
[EventDate "2020.01.03"]
[EventType "swiss"]
[EventCountry "CRO"]
[SourceTitle "playchess.com"]
[Source "ChessBase"]
[SourceQuality "1"]
[TimeControl "5400+30"]

1. d4 {[%emt 0:00:30]} Nf6 {[%emt 0:00:30]} 2. Nf3 {[%emt 0:00:00]} e6 {[%emt 0:00:00]} 3. g3 {[%emt 0:00:00]} d5 {[%emt 0:00:00]} 4. Bg2 {[%emt 0:00:00]} b6 {[%emt 0:00:30]} 5. O-O {[%emt 0:00:00]} Bb7 {[%emt 0:00:30]} 6. Ne5 {[%emt 0:00:30]} Nbd7 {[%emt 0:00:30]} 7. f4 {[%emt 0:00:30]} Be7 {[%emt 0:02:30]} 8. Nd2 {[%emt 0:01:30]} O-O {[%emt 0:01:30]} 9. e3 {[%emt 0:00:30]} c5 {[%emt 0:01:30]} 10. c3 {[%emt 0:00:00]} Ne8 {[%emt 0:06:30]} 11. Qa4 {[%emt 0:02:00]} Nxe5 {[%emt 0:01:30]} 12. dxe5 {[%emt 0:01:30]} Qc7 {[%emt 0:03:30]} 13. Qc2 {[%emt 0:01:30]} g6 {[%emt 0:02:30]} 14. Nf3 {[%emt 0:00:30]} Ng7 {[%emt 0:01:30]} 15. Bd2 {[%emt 0:00:30]} Rac8 {[%emt 0:02:30]} 16. g4 {[%emt 0:00:30]} Rfd8 {[%emt 0:01:30]} 17. Be1 {[%emt 0:02:30]} d4 {[%emt 0:01:30]} 18. cxd4 {[%emt 0:02:30]} Bxf3 {[%emt 0:01:30]} 19. Rxf3 {[%emt 0:00:30]} cxd4 {[%emt 0:00:30]} 20. Qxc7 {[%emt 0:00:30]} Rxc7 {[%emt 0:00:00]} 21. exd4 {[%emt 0:00:00]} Rxd4 {[%emt 0:00:00]} 22. Bc3 {[%emt 0:00:00]} Rd8 {[%emt 0:02:30]} 23. Bf1 {[%emt 0:00:00]} Rcd7 {[%emt 0:01:30]} 24. Bb5 {[%emt 0:01:00]} Bc5+ {[%emt 0:02:30]} 25. Kg2 {[%emt 0:00:30]} Rd1 {[%emt 0:00:30]} 26. Rf1 {[%emt 0:00:30]} Rxa1 {[%emt 0:00:30]} 27. Rxa1 {[%emt 0:00:30]} h5 {[%emt 0:00:30]} 28. h3 {[%emt 0:00:00]} hxg4 {[%emt 0:03:30]} 29. hxg4 {[%emt 0:00:00]} Ne8 {[%emt 0:02:30]} 30. Bxe8 {[%emt 0:11:30]} Rxe8 {[%emt 0:00:30]} 31. Rd1 {[%emt 0:00:30]} Kf8 {[%emt 0:02:30]} 32. Kf3 {[%emt 0:03:30]} b5 {[%emt 0:03:30]} 33. a3 {[%emt 0:03:30]} Ke7 {[%emt 0:03:30]} 34. Rh1 {[%emt 0:13:30]} Rc8 {[%emt 0:01:30]} 35. Rc1 {[%emt 0:00:30]} Rh8 {[%emt 0:02:30]} 36. Ba5 {[%emt 0:00:30]} Bb6 {[%emt 0:04:30]} 37. Bxb6 {[%emt 0:03:30]} axb6 {[%emt 0:00:00]} 38. Rc7+ {[%emt 0:00:30]} Kd8 {[%emt 0:06:00]} 39. Rxf7 {[%emt 0:00:00]} Rh2 {[%emt 0:01:30]} 40. Rb7 {[%emt 0:01:00]} Rxb2 {[%emt 0:00:30]} 41. Rxb6 {[%emt 0:00:30]} Ke7 {[%emt 0:00:30]} 42. Kg3 {[%emt 0:00:30]} Rb3+ {[%emt 0:00:30]} 43. Kh4 {[%emt 0:00:00]} Rxa3 {[%emt 0:00:30]} 44. Rb7+ {[%emt 0:00:00]} Kf8 {[%emt 0:00:30]} 45. Rxb5 {[%emt 0:00:00]} Ra7 {[%emt 0:00:00]} 46. Kg5 {[%emt 0:00:00]} Kf7 {[%emt 0:01:00]} 47. Rb8 {[%emt 0:00:30]} Kg7 {[%emt 0:00:30]} 48. Re8 {[%emt 0:00:00]} Kf7 {[%emt 0:00:30]} 49. Rh8 {[%emt 0:00:00]} Ra4 {[%emt 0:00:30]} 50. Rh7+ {[%emt 0:00:30]} Kg8 {[%emt 0:00:00]} 51. Re7 {[%emt 0:00:00]} 1-0

[Event "25th Bosnjaci Open 2020"]
[Site "Bosnjaci"]
[Date "2020.01.03"]
[Round "1.13"]
[White "Tadic, Drago"]
[Black "Stocko, Josip"]
[Result "0-1"]
[WhiteElo "1831"]
[BlackElo "2262"]
[Annotator "NA"]
[PlyCount "60"]
[EventDate "2020.01.03"]
[EventType "swiss"]
[EventCountry "CRO"]
[SourceTitle "playchess.com"]
[Source "ChessBase"]
[SourceQuality "1"]
[TimeControl "5400+30"]

1. f4 {[%emt 0:00:30]} Nf6 {[%emt 0:00:30]} 2. Nf3 {[%emt 0:00:30]} c5 {[%emt 0:00:00]} 3. c3 {[%emt 0:00:30]} Nc6 {[%emt 0:00:00]} 4. e3 {[%emt 0:00:30]} g6 {[%emt 0:00:30]} 5. g3 {[%emt 0:00:30]} Bg7 {[%emt 0:00:00]} 6. Bg2 {[%emt 0:00:30]} O-O {[%emt 0:00:00]} 7. O-O {[%emt 0:00:30]} d5 {[%emt 0:00:30]} 8. d4 {[%emt 0:00:00]} b6 {[%emt 0:05:30]} 9. Ne5 {[%emt 0:01:00]} Bb7 {[%emt 0:00:30]} 10. a3 {[%emt 0:00:30]} e6 {[%emt 0:02:30]} 11. Nd2 {[%emt 0:00:30]} Rc8 {[%emt 0:03:30]} 12. b4 {[%emt 0:02:30]} cxd4 {[%emt 0:00:30]} 13. cxd4 {[%emt 0:00:30]} Ne7 {[%emt 0:00:30]} 14. Bb2 {[%emt 0:03:30]} Nf5 {[%emt 0:04:30]} 15. Re1 {[%emt 0:00:30]} Nd6 {[%emt 0:00:00]} 16. h3 {[%emt 0:00:30]} Nfe4 {[%emt 0:00:00]} 17. Nxe4 {[%emt 0:01:30]} dxe4 {[%emt 0:06:30]} 18. Ng4 {[%emt 0:00:30]} Nc4 {[%emt 0:01:30]} 19. Bc1 {[%emt 0:11:30]} Qe7 {[%emt 0:07:30]} 20. Qa4 {[%emt 0:02:30]} Bd5 {[%emt 0:19:30]} 21. Bf1 {[%emt 0:02:30]} Rc7 {[%emt 0:04:30]} 22. b5 {[%emt 0:01:30]} Rfc8 {[%emt 0:02:30]} 23. Ne5 {[%emt 0:03:30]} Nxe5 {[%emt 0:04:30]} 24. dxe5 {[%emt 0:00:30]} g5 {[%emt 0:01:30]} 25. Bb2 {[%emt 0:01:30]} gxf4 {[%emt 0:00:30]} 26. exf4 {[%emt 0:00:30]} f6 {[%emt 0:02:30]} 27. Qd1 {[%emt 0:01:30]} fxe5 {[%emt 0:02:30]} 28. Bxe5 {[%emt 0:00:30]} Bxe5 {[%emt 0:00:30]} 29. fxe5 {[%emt 0:00:30]} Qc5+ {[%emt 0:06:30]} 30. Kh1 {[%emt 0:01:30]} Qf2 {[%emt 0:06:19]} 0-1

[Event "25th Bosnjaci Open 2020"]
[Site "Bosnjaci"]
[Date "2020.01.03"]
[Round "1.14"]
[White "Matanovic, Luka"]
[Black "Pejic, Ivo"]
[Result "1-0"]
[WhiteElo "2256"]
[BlackElo "1829"]
[Annotator "NA"]
[PlyCount "41"]
[EventDate "2020.01.03"]
[EventType "swiss"]
[EventCountry "CRO"]
[SourceTitle "playchess.com"]
[Source "ChessBase"]
[SourceQuality "1"]
[TimeControl "5400+30"]

1. e4 {[%emt 0:00:30]} d6 {[%emt 0:00:30]} 2. d4 {[%emt 0:00:00]} Nf6 {[%emt 0:00:30]} 3. Bd3 {[%emt 0:01:00]} g6 {[%emt 0:00:30]} 4. Nf3 {[%emt 0:00:30]} Bg7 {[%emt 0:00:30]} 5. O-O {[%emt 0:00:30]} a6 {[%emt 0:01:30]} 6. Re1 {[%emt 0:00:30]} O-O {[%emt 0:00:30]} 7. h3 {[%emt 0:03:30]} b5 {[%emt 0:01:30]} 8. a4 {[%emt 0:01:30]} bxa4 {[%emt 0:02:30]} 9. Rxa4 {[%emt 0:04:30]} Nbd7 {[%emt 0:00:30]} 10. Nc3 {[%emt 0:04:30]} c5 {[%emt 0:01:30]} 11. e5 {[%emt 0:01:30]} Ne8 {[%emt 0:02:30]} 12. Bg5 {[%emt 0:07:30]} Nb6 {[%emt 0:01:30]} 13. exd6 {[%emt 0:00:30]} Qd7 {[%emt 0:00:30]} 14. dxe7 {[%emt 0:03:30]} Nxa4 {[%emt 0:00:30]} 15. Nxa4 {[%emt 0:00:30]} Qxa4 {[%emt 0:00:30]} 16. b3 {[%emt 0:03:30]} Qd7 {[%emt 0:00:30]} 17. exf8=Q+ {[%emt 0:03:30]} Bxf8 {[%emt 0:00:30]} 18. Ne5 {[%emt 0:00:30]} Qd6 {[%emt 0:01:30]} 19. Nxf7 {[%emt 0:00:30]} Qd7 {[%emt 0:03:30]} 20. Bc4 {[%emt 0:01:30]} Kg7 {[%emt 0:00:00]} 21. Bh6+ {[%emt 0:01:30]} 1-0

[Event "25th Bosnjaci Open 2020"]
[Site "Bosnjaci"]
[Date "2020.01.04"]
[Round "2.1"]
[White "Kovacevic, Blazimir"]
[Black "Sadikovic, Jasmin"]
[Result "1/2-1/2"]
[WhiteElo "2451"]
[BlackElo "2111"]
[Annotator "ChessBase"]
[PlyCount "76"]
[EventDate "2020.01.03"]
[EventType "swiss"]
[EventCountry "CRO"]
[SourceTitle "playchess.com"]
[Source "ChessBase"]
[SourceQuality "1"]
[TimeControl "5400+30"]

1. c4 {[%emt 0:00:30]} Nf6 {[%emt 0:00:30]} 2. g3 {[%emt 0:00:30]} e5 {[%emt 0:01:30]} 3. Bg2 {[%emt 0:00:30]} Nc6 {[%emt 0:05:30]} 4. Nc3 {[%emt 0:00:30]} g6 {[%emt 0:01:30]} 5. d3 {[%emt 0:01:30]} Bg7 {[%emt 0:00:30]} 6. e4 {[%emt 0:00:00]} O-O {[%emt 0:02:30]} 7. Nge2 {[%emt 0:00:00]} d6 {[%emt 0:02:30]} 8. O-O {[%emt 0:00:00]} Ne7 {[%emt 0:04:30]} 9. h3 {[%emt 0:03:00]} c5 {[%emt 0:03:30]} 10. Rb1 {[%emt 0:02:30]} Bd7 {[%emt 0:08:30]} 11. b4 {[%emt 0:01:30]} b6 {[%emt 0:02:30]} 12. Bd2 {[%emt 0:07:30]} h5 {[%emt 0:04:30]} 13. h4 {[%emt 0:04:30]} Qc8 {[%emt 0:04:30]} 14. bxc5 {[%emt 0:06:30]} bxc5 {[%emt 0:04:30]} 15. Qb3 {[%emt 0:00:30]} Rb8 {[%emt 0:03:30]} 16. Qa3 {[%emt 0:00:30]} Qc7 {[%emt 0:04:30]} 17. Rb3 {[%emt 0:08:30]} Rxb3 {[%emt 0:03:30]} 18. axb3 {[%emt 0:00:00]} Rb8 {[%emt 0:00:30]} 19. Rb1 {[%emt 0:08:00]} Nh7 {[%emt 0:06:30]} 20. Kh2 {[%emt 0:02:30]} Nf8 {[%emt 0:02:30]} 21. Nd5 {[%emt 0:04:30]} Nxd5 {[%emt 0:00:30]} 22. exd5 {[%emt 0:00:30]} Bf5 {[%emt 0:01:30]} 23. Be4 {[%emt 0:06:30]} Bc8 {[%emt 0:03:30]} 24. Qa5 {[%emt 0:05:30]} Qe7 {[%emt 0:03:30]} 25. Nc3 {[%emt 0:02:30]} f5 {[%emt 0:05:30]} 26. Bg2 {[%emt 0:00:30]} Bf6 {[%emt 0:00:46]} 27. Kg1 {[%emt 0:11:30]} a6 {[%emt 0:03:23]} 28. b4 {[%emt 0:02:30]} cxb4 {[%emt 0:01:22]} 29. Na2 {[%emt 0:00:30]} Qd8 {[%emt 0:02:08]} 30. Qxd8 {[%emt 0:00:00]} Bxd8 {[%emt 0:00:34]} 31. Rxb4 {[%emt 0:00:00]} Rxb4 {[%emt 0:00:26]} 32. Bxb4 {[%emt 0:00:30]} Be7 {[%emt 0:00:29]} 33. Nc3 {[%emt 0:02:50]} Nd7 {[%emt 0:01:38]} 34. Na4 {[%emt 0:02:26]} Kf7 {[%emt 0:00:25]} 35. Bf3 {[%emt 0:04:16]} Ke8 {[%emt 0:03:23]} 36. Bd1 {[%emt 0:01:01]} f4 {[%emt 0:02:21]} 37. Nc3 {[%emt 0:10:07]} fxg3 {[%emt 0:00:47]} 38. fxg3 {[%emt 0:00:03]} Nf6 {[%emt 0:00:17]} 1/2-1/2

[Event "25th Bosnjaci Open 2020"]
[Site "Bosnjaci"]
[Date "2020.01.04"]
[Round "2.2"]
[White "Abdil, Halil"]
[Black "Zaja, Ivan"]
[Result "0-1"]
[WhiteElo "2106"]
[BlackElo "2447"]
[Annotator "ChessBase"]
[PlyCount "78"]
[EventDate "2020.01.03"]
[EventType "swiss"]
[EventCountry "CRO"]
[SourceTitle "playchess.com"]
[Source "ChessBase"]
[SourceQuality "1"]
[TimeControl "5400+30"]

1. e4 {[%emt 0:00:30]} c5 {[%emt 0:00:30]} 2. Nf3 {[%emt 0:00:00]} Nc6 {[%emt 0:00:00]} 3. d4 {[%emt 0:00:00]} cxd4 {[%emt 0:00:00]} 4. Nxd4 {[%emt 0:00:30]} e5 {[%emt 0:00:00]} 5. Nb5 {[%emt 0:00:30]} d6 {[%emt 0:00:00]} 6. N1c3 {[%emt 0:00:00]} a6 {[%emt 0:00:30]} 7. Na3 {[%emt 0:00:00]} Be6 {[%emt 0:00:30]} 8. Nc4 {[%emt 0:00:30]} Rb8 {[%emt 0:00:30]} 9. Ne3 {[%emt 0:00:30]} Nf6 {[%emt 0:00:30]} 10. Bd3 {[%emt 0:00:30]} g6 {[%emt 0:05:30]} 11. O-O {[%emt 0:01:30]} Bg7 {[%emt 0:00:30]} 12. b3 {[%emt 0:01:30]} O-O {[%emt 0:01:30]} 13. Ba3 {[%emt 0:01:30]} b5 {[%emt 0:00:30]} 14. Bb2 {[%emt 0:00:30]} Qb6 {[%emt 0:14:30]} 15. a4 {[%emt 0:05:30]} b4 {[%emt 0:06:30]} 16. Nb1 {[%emt 0:00:30]} Rbd8 {[%emt 0:04:30]} 17. Nd2 {[%emt 0:00:30]} d5 {[%emt 0:00:30]} 18. Qe2 {[%emt 0:03:30]} dxe4 {[%emt 0:02:30]} 19. Nxe4 {[%emt 0:00:30]} Nxe4 {[%emt 0:01:30]} 20. Bxe4 {[%emt 0:00:30]} Nd4 {[%emt 0:02:30]} 21. Bxd4 {[%emt 0:02:30]} exd4 {[%emt 0:01:30]} 22. Nc4 {[%emt 0:00:30]} d3 {[%emt 0:04:30]} 23. Bxd3 {[%emt 0:05:30]} Bxc4 {[%emt 0:00:30]} 24. Bxc4 {[%emt 0:00:30]} Bxa1 {[%emt 0:00:30]} 25. Rxa1 {[%emt 0:00:00]} Rfe8 {[%emt 0:08:30]} 26. Qf3 {[%emt 0:00:00]} Rd7 {[%emt 0:00:30]} 27. h4 {[%emt 0:00:30]} h5 {[%emt 0:10:30]} 28. g3 {[%emt 0:02:30]} Kg7 {[%emt 0:00:30]} 29. a5 {[%emt 0:01:30]} Qd6 {[%emt 0:03:30]} 30. c3 {[%emt 0:01:30]} Qe5 {[%emt 0:04:30]} 31. Bxa6 {[%emt 0:03:30]} bxc3 {[%emt 0:04:30]} 32. Rc1 {[%emt 0:00:30]} f6 {[%emt 0:04:35]} 33. Rxc3 {[%emt 0:04:30]} Qxa5 {[%emt 0:01:11]} 34. Rc6 {[%emt 0:03:30]} Re1+ {[%emt 0:01:38]} 35. Kh2 {[%emt 0:00:30]} Qe5 {[%emt 0:00:48]} 36. Qc3 {[%emt 0:03:30]} Rd4 {[%emt 0:01:16]} 37. f4 {[%emt 0:10:30]} Qe4 {[%emt 0:02:46]} 38. Rc7+ {[%emt 0:02:30]} Kh6 {[%emt 0:00:07]} 39. g4 {[%emt 0:01:30]} Qxf4+ {[%emt 0:00:51]} 0-1

[Event "25th Bosnjaci Open 2020"]
[Site "Bosnjaci"]
[Date "2020.01.04"]
[Round "2.3"]
[White "Fercec, Nenad"]
[Black "Boban, Sten"]
[Result "1-0"]
[WhiteElo "2423"]
[BlackElo "2078"]
[Annotator "ChessBase"]
[PlyCount "47"]
[EventDate "2020.01.03"]
[EventType "swiss"]
[EventCountry "CRO"]
[SourceTitle "playchess.com"]
[Source "ChessBase"]
[SourceQuality "1"]
[TimeControl "5400+30"]

1. e4 {[%emt 0:00:30]} e5 {[%emt 0:00:30]} 2. Nf3 {[%emt 0:00:30]} Nf6 {[%emt 0:00:30]} 3. d4 {[%emt 0:00:00]} Nxe4 {[%emt 0:01:30]} 4. Bd3 {[%emt 0:00:00]} d5 {[%emt 0:01:30]} 5. Nxe5 {[%emt 0:00:30]} Nd7 {[%emt 0:00:30]} 6. Nxd7 {[%emt 0:00:00]} Bxd7 {[%emt 0:00:30]} 7. Nc3 {[%emt 0:00:00]} Nxc3 {[%emt 0:00:30]} 8. bxc3 {[%emt 0:00:30]} Bd6 {[%emt 0:00:30]} 9. Qh5 {[%emt 0:00:00]} c6 {[%emt 0:11:30]} 10. O-O {[%emt 0:03:00]} Be6 {[%emt 0:11:30]} 11. Re1 {[%emt 0:12:30]} Qd7 {[%emt 0:00:30]} 12. Bg5 {[%emt 0:12:30]} g6 {[%emt 0:07:30]} 13. Qh4 {[%emt 0:06:30]} Be7 {[%emt 0:10:30]} 14. Bf6 {[%emt 0:08:30]} Qd8 {[%emt 0:00:30]} 15. Bxg6 {[%emt 0:01:30]} Kd7 {[%emt 0:13:30]} 16. Bxf7 {[%emt 0:01:30]} Bxf6 {[%emt 0:00:30]} 17. Bxe6+ {[%emt 0:00:00]} Kc7 {[%emt 0:00:30]} 18. Qf4+ {[%emt 0:00:00]} Kb6 {[%emt 0:00:00]} 19. Rab1+ {[%emt 0:03:30]} Ka6 {[%emt 0:00:00]} 20. c4 {[%emt 0:00:30]} Rf8 {[%emt 0:01:30]} 21. Qe3 {[%emt 0:02:30]} dxc4 {[%emt 0:03:30]} 22. Qa3+ {[%emt 0:00:30]} Qa5 {[%emt 0:00:30]} 23. Bxc4+ {[%emt 0:00:00]} b5 {[%emt 0:00:30]} 24. Bxb5+ {[%emt 0:00:00]} 1-0

[Event "25th Bosnjaci Open 2020"]
[Site "Bosnjaci"]
[Date "2020.01.04"]
[Round "2.4"]
[White "Rogulj, Branko"]
[Black "Zlatarevic, Ivan"]
[Result "1-0"]
[WhiteElo "2386"]
[BlackElo "2043"]
[Annotator "ChessBase"]
[PlyCount "93"]
[EventDate "2020.01.03"]
[EventType "swiss"]
[EventCountry "CRO"]
[SourceTitle "playchess.com"]
[Source "ChessBase"]
[SourceQuality "1"]
[TimeControl "5400+30"]

1. e4 {[%emt 0:00:30]} e5 {[%emt 0:00:30]} 2. Nf3 {[%emt 0:00:00]} Nf6 {[%emt 0:00:30]} 3. Nxe5 {[%emt 0:02:00]} d6 {[%emt 0:00:30]} 4. Nf3 {[%emt 0:00:00]} Nxe4 {[%emt 0:00:00]} 5. d4 {[%emt 0:00:00]} d5 {[%emt 0:01:00]} 6. Bd3 {[%emt 0:00:30]} Bd6 {[%emt 0:02:30]} 7. O-O {[%emt 0:01:30]} O-O {[%emt 0:01:30]} 8. c4 {[%emt 0:00:30]} c6 {[%emt 0:00:30]} 9. Qc2 {[%emt 0:02:30]} f5 {[%emt 0:12:30]} 10. Nc3 {[%emt 0:01:30]} Be6 {[%emt 0:02:30]} 11. Qb3 {[%emt 0:09:30]} Qd7 {[%emt 0:14:30]} 12. Ng5 {[%emt 0:05:30]} Nxg5 {[%emt 0:02:30]} 13. Bxg5 {[%emt 0:01:30]} h6 {[%emt 0:03:30]} 14. Bd2 {[%emt 0:00:30]} Qf7 {[%emt 0:01:30]} 15. c5 {[%emt 0:01:30]} Bc7 {[%emt 0:02:30]} 16. Na4 {[%emt 0:05:30]} Nd7 {[%emt 0:04:30]} 17. Qxb7 {[%emt 0:01:30]} Nb6 {[%emt 0:01:30]} 18. Qa6 {[%emt 0:01:30]} Bc8 {[%emt 0:01:30]} 19. Qa5 {[%emt 0:00:30]} Nc4 {[%emt 0:00:00]} 20. Qc3 {[%emt 0:00:00]} Nxd2 {[%emt 0:03:00]} 21. Qxd2 {[%emt 0:00:00]} Qh5 {[%emt 0:02:30]} 22. h3 {[%emt 0:09:30]} f4 {[%emt 0:01:30]} 23. f3 {[%emt 0:00:30]} Qg5 {[%emt 0:05:30]} 24. Kh1 {[%emt 0:00:30]} Re8 {[%emt 0:03:30]} 25. Nc3 {[%emt 0:09:30]} Bd7 {[%emt 0:05:30]} 26. Rad1 {[%emt 0:04:30]} Re3 {[%emt 0:02:30]} 27. Bb1 {[%emt 0:00:30]} g6 {[%emt 0:00:30]} 28. b4 {[%emt 0:04:30]} Rae8 {[%emt 0:00:30]} 29. Bd3 {[%emt 0:00:30]} Kg7 {[%emt 0:05:51]} 30. Ne2 {[%emt 0:03:30]} Bf5 {[%emt 0:03:44]} 31. Ba6 {[%emt 0:00:30]} Bd8 {[%emt 0:01:40]} 32. Ng1 {[%emt 0:00:30]} Bf6 {[%emt 0:01:25]} 33. Bb7 {[%emt 0:07:30]} Rd3 {[%emt 0:03:13]} 34. Qc1 {[%emt 0:00:30]} Rxd4 {[%emt 0:02:15]} 35. Bxc6 {[%emt 0:01:30]} Rc4 {[%emt 0:03:16]} 36. Bxe8 {[%emt 0:00:30]} Rxc1 {[%emt 0:01:42]} 37. Rxc1 {[%emt 0:00:30]} Bd8 {[%emt 0:00:13]} 38. Rfd1 {[%emt 0:00:30]} Be6 {[%emt 0:00:33]} 39. Bc6 {[%emt 0:01:30]} Bf6 {[%emt 0:02:20]} 40. Rc2 {[%emt 0:00:30]} d4 {[%emt 0:00:38]} 41. Be4 {[%emt 0:00:30]} Qe5 {[%emt 0:01:13]} 42. Ne2 {[%emt 0:00:30]} Qc7 {[%emt 0:01:55]} 43. Nxd4 {[%emt 0:00:30]} Bc8 {[%emt 0:00:37]} 44. Nb5 {[%emt 0:00:30]} Qe7 {[%emt 0:01:04]} 45. Nd6 {[%emt 0:00:30]} Be6 {[%emt 0:00:24]} 46. Re2 {[%emt 0:01:30]} Be5 {[%emt 0:01:13]} 47. Bc6 {[%emt 0:00:00]} 1-0

[Event "25th Bosnjaci Open 2020"]
[Site "Bosnjaci"]
[Date "2020.01.04"]
[Round "2.5"]
[White "Nikic, Patrick"]
[Black "Zufic, Miroslav"]
[Result "1/2-1/2"]
[WhiteElo "2076"]
[BlackElo "2375"]
[Annotator "TA"]
[PlyCount "59"]
[EventDate "2020.01.03"]
[EventType "swiss"]
[EventCountry "CRO"]
[SourceTitle "playchess.com"]
[Source "ChessBase"]
[SourceQuality "1"]

{[%evp 21,59,22,23,20,27,20,10,18,19,0,2,-23,38,38,49,42,40,26,71,69,165,158,167,130,146,141,133,120,162,123,104,101,103,100,102,102,104,94,92,33]} 1. e4 c5 2. Nf3 d6 3. d4 cxd4 4. Nxd4 Nf6 5. Nc3 a6 6. Be3 e5 7. Nb3 Be6 8. f3 h5 9. Qd2 Nbd7 10. O-O-O Rc8 11. Kb1 Be7 12. Bd3 {B90: Sicilian Najdorf: Unusual White 6th moves, 6 Be3 Ng4 and 6 Be3 e5} (12. h4 b5 13. Bg5 Qb6 14. Nd5 Nxd5 15. exd5 Bf5 16. Bd3 Bxd3 17. Qxd3 Qd8 18. Be3 Rc4 19. Nd2 Rxh4 20. Rxh4 Bxh4 {1-0 (44) Yu,Y (2751)-Zhou,J (2597) Shenzhen 2017}) 12... b5 13. h3 h4 14. Rhe1 {The position is equal.} Nb6 15. Bxb6 Qxb6 16. Nd5 {[#]} Nxd5 $146 ({Black should try} 16... Bxd5 $11 17. exd5 Nh5) ({Predecessor:} 16... Bxd5 17. exd5 Nh5 18. Na5 Nf4 19. Nc6 Rc7 {0-1 (63) Rensch,D (2400)-Aveskulov,V (2539) Ottawa 2007}) 17. exd5 $14 Bd7 18. f4 Bf6 19. Qb4 $36 {[%mdl 2048] White is more active.} O-O 20. fxe5 dxe5 ({Better is} 20... Bxe5 $14 21. Qxh4 g6) 21. c4 $18 a5 22. Qxa5 Qxa5 23. Nxa5 Bd8 24. Nc6 $1 {[%cal Rc6e5]} bxc4 25. Bxc4 Bxc6 {White is better.} 26. dxc6 Rxc6 27. Bd5 Rb6 28. Rxe5 Rxb2+ 29. Kxb2 Bf6 30. Bb3 {Accuracy: White = 68%, Black = 52%.} (30. a4 $16) 1/2-1/2